Karnatakada rajakiya ithihasa: ಕರ್ನಾಟಕದ ರಾಜಕೀಯ ಇತಿಹಾಸ (Record no. 227254)
[ view plain ]
| 000 -LEADER | |
|---|---|
| fixed length control field | 01354nam a22002537a 4500 |
| 005 - DATE AND TIME OF LATEST TRANSACTION | |
| control field | 20230424113715.0 |
| 008 - FIXED-LENGTH DATA ELEMENTS--GENERAL INFORMATION | |
| fixed length control field | 230421b ||||| |||| 00| 0 eng d |
| 040 ## - CATALOGING SOURCE | |
| Transcribing agency | AL |
| 041 ## - LANGUAGE CODE | |
| Language code of text/sound track or separate title | kan |
| 082 ## - DEWEY DECIMAL CLASSIFICATION NUMBER | |
| Edition number | 23 |
| Classification number | 954.87K |
| Item number | SALK |
| 100 ## - MAIN ENTRY--PERSONAL NAME | |
| Personal name | BS Salimata: ಬಿ ಎಸ್ ಸಾಲಿಮಠ |
| 100 ## - MAIN ENTRY--PERSONAL NAME | |
| 9 (RLIN) | 92006 |
| 245 ## - TITLE STATEMENT | |
| Title | Karnatakada rajakiya ithihasa: ಕರ್ನಾಟಕದ ರಾಜಕೀಯ ಇತಿಹಾಸ |
| 260 ## - PUBLICATION, DISTRIBUTION, ETC. | |
| Place of publication, distribution, etc. | Kalaburgi |
| Name of publisher, distributor, etc. | SS Bhavikatti Prakashana |
| Date of publication, distribution, etc. | 2021 |
| 300 ## - PHYSICAL DESCRIPTION | |
| Extent | x,374p. |
| Other physical details | PB |
| Dimensions | 21x14cm |
| 365 ## - TRADE PRICE | |
| Source of price type code | History |
| Price amount | 300.00 |
| Currency code | ₹ |
| Unit of pricing | 300.00 |
| 520 ## - SUMMARY, ETC. | |
| Summary, etc. | ಮೌರ್ಯರು <br/>ಶಾತವಾಹನರು <br/>ಬನವಾಸಿ ಕದಂಬರು <br/>ತಲಕಾಡಿನ ಗಂಗರು <br/>ಬಾದಾಮಿ ಚಾಲುಕ್ಯರು <br/>ರಾಷ್ಟ್ರಕೂಟರು <br/>ಕಲ್ಯಾಣದ ಚಾಲುಕ್ಯರು <br/>ರಾಜ್ಯದ ರಚನೆ |
| 650 ## - SUBJECT ADDED ENTRY--TOPICAL TERM | |
| Topical term or geographic name entry element | Samrajyagala Yuga: ಸಾಮ್ರಾಜ್ಯಗಳ ಯುಗ |
| 9 (RLIN) | 91664 |
| 650 ## - SUBJECT ADDED ENTRY--TOPICAL TERM | |
| Topical term or geographic name entry element | Kendra mattu Prantiya Adalitha: ಕೇಂದ್ರ ಮತ್ತು ಪ್ರಾಂತೀಯ ಆಡಳಿತ |
| 9 (RLIN) | 91665 |
| 650 ## - SUBJECT ADDED ENTRY--TOPICAL TERM | |
| Topical term or geographic name entry element | NEP DSC-1 |
| 9 (RLIN) | 91687 |
| 650 ## - SUBJECT ADDED ENTRY--TOPICAL TERM | |
| Topical term or geographic name entry element | I SEM BA : ಬಿ ಎ ಪ್ರಥಮ ಸೆಮಿಸ್ಟರ್ |
| 9 (RLIN) | 91688 |
| 650 ## - SUBJECT ADDED ENTRY--TOPICAL TERM | |
| Topical term or geographic name entry element | Political History of Karnataka |
| 9 (RLIN) | 92007 |
| 700 ## - ADDED ENTRY--PERSONAL NAME | |
| Personal name | SALIMATA (BS): ಸಾಲಿಮಠ (ಬಿ ಎಸ್) |
| 9 (RLIN) | 91666 |
| 942 ## - ADDED ENTRY ELEMENTS (KOHA) | |
| Source of classification or shelving scheme | Dewey Decimal Classification |
| Koha item type | Donated Books |
| Withdrawn status | Lost status | Source of classification or shelving scheme | Damaged status | Not for loan | Collection code | Home library | Current library | Date acquired | Cost, normal purchase price | Total Checkouts | Full call number | Barcode | Date last seen | Cost, replacement price | Price effective from | Koha item type | Public note |
|---|---|---|---|---|---|---|---|---|---|---|---|---|---|---|---|---|---|
| Dewey Decimal Classification | History | St Aloysius Library | St Aloysius Library | 04/19/2023 | 300.00 | 954.87K SALK | D04863 | 04/21/2023 | 300.00 | 04/21/2023 | Donated Books | Donated by SS Bhavikatti Prakashana |